Directrices para registros de autoridad y referencias : (Record no. 191833)
[ view plain ]
| 000 -LEADER | |
|---|---|
| campo de control de longitud fija | 01688nam a2200325 4500 |
| 001 - NÚMERO DE CONTROL | |
| campo de control | 191833 |
| 003 - IDENTIFICADOR DE NÚMERO DE CONTROL | |
| campo de control | SpMaBN |
| 005 - FECHA Y HORA DE LA ÚLTIMA TRANSACCIÓN | |
| campo de control | 20251128152455.0 |
| 008 - DATOS DE LONGITUD FIJA--INFORMACIÓN GENERAL | |
| campo de control de longitud fija | 221013s2004 sp | o||| ||spa |
| 016 7# - NÚMERO DE CONTROL DE UNA AGENCIA BIBLIOGRÁFICA NACIONAL | |
| Número de control del registro | bimoBNE20040646646 [ |
| Fuente | SpMaBN] |
| 017 ## - NÚMERO DE COPYRIGHT O DE DEPÓSITO LEGAL | |
| Número de copyright o de depósito legal | M 21978-2004 |
| Agencia que asigna | Oficina Depósito Legal Madrid |
| 020 ## - NÚMERO INTERNACIONAL ESTÁNDAR DEL LIBRO | |
| Número Internacional Estándar del Libro | 84-369-3838-0 |
| 024 7# - IDENTIFICADOR DE OTROS ESTÁNDARES | |
| Número estándar o código | NIPO 176-04-111-3 |
| Fuente del número o código | nipo |
| 035 ## - NÚMERO DE CONTROL DEL SISTEMA | |
| Número de control de sistema | (OCoLC)301773809 |
| 040 ## - FUENTE DE CATALOGACIÓN | |
| Centro catalogador/agencia de origen | SpMaBN |
| Lengua de catalogación | spa |
| Centro/agencia transcriptor | SpMaBN |
| Normas de descripción | rdc |
| 080 ## - NÚMERO DE LA CLASIFICACIÓN DECIMAL UNIVERSAL | |
| Número de la Clasificación Decimal Universal | 025.32 |
| 245 10 - MENCIÓN DEL TÍTULO | |
| Título | Directrices para registros de autoridad y referencias : |
| Resto del título | anteriormente denominadas "Directrices para los asientos de autoridad y referencia" recomendadas por el Grupo de Trabajo para un Sistema Internacional de Autoridades, aprobadas por los Comités Permanentes de la Sección de Catalogación de la IFLA y de la Sección de Tecnología de la Información de la IFLA / |
| Mención de responsabilidad, etc. | traducción de Justo García Melero. |
| 250 ## - MENCION DE EDICION | |
| Resto de la mención de edición | revisada por el Grupo de Trabajo de la IFLA para la Revisión de las GARE. |
| 260 ## - PUBLICACIÓN, DISTRIBUCIÓN, ETC. | |
| Lugar de publicación, distribución, etc. | [Madrid] : |
| Nombre del editor, distribuidor, etc. | Ministerio de Cultura, Secretaría General Técnica, |
| Fecha de publicación, distribución, etc. | [2004] |
| 300 ## - DESCRIPCIÓN FÍSICA | |
| Extensión | XXVI, 58 p. ; |
| Dimensiones | 22 cm. |
| 594 ## - Nota al título y mención de responsabilidad | |
| Nota al título y mención de responsabilidad | Traducción de: Guidelines for authority records and reference. |
| 594 ## - Nota al título y mención de responsabilidad | |
| Nota al título y mención de responsabilidad | En la port.: Dirección General del Libro, Archivos y Bibliotecas, Subdirección General de Coordinación Bibliotecaria |
| 650 #7 - PUNTO DE ACCESO ADICIONAL DE MATERIA--TÉRMINO DE MATERIA | |
| Término de materia o nombre geográfico como elemento de entrada | Autoridades (Catalogación) |
| Fuente del encabezamiento o término | embne |
| 9 (RLIN) | 175281 |
| 700 ## - ENTRADA AGREGADA--NOMBRE PERSONAL | |
| Nombre de persona | García Melero, Justo, |
| Fechas asociadas al nombre | 1943-2004 |
| 9 (RLIN) | 175546 |
| 710 2# - ENTRADA AGREGADA--NOMBRE DE ENTIDAD CORPORATIVA | |
| Nombre de entidad corporativa o nombre de jurisdicción como elemento de entrada | Federación Internacional de Asociaciones de Bibliotecarios y Bibliotecas. |
| 9 (RLIN) | 151131 |
| 852 ## - LOCALIZACIÓN | |
| Ubicación | ES-MaACL |
| Número de control de estantería | A-15096 |
| itemnumber | 199115 |
| Ubicación en estantería | Depósito 1 |
| Signatura antigua | Olim: 025.32 dir |
| 942 ## - ELEMENTOS DE ENTRADA SECUNDARIOS (KOHA) | |
| Fuente del sistema de clasificación o colocación | Clasificación decimal universal |
| Estatus retirado | Estado de pérdida | Fuente del sistema de clasificación o colocación | Estado de daño | No para préstamo | Colección | Biblioteca de origen | Biblioteca actual | Ubicación en estantería | Fecha de adquisición | Total de préstamos | Signatura topográfica completa | Código de barras | Visto por última vez | Precio de reemplazo | Tipo de ítem Koha |
|---|---|---|---|---|---|---|---|---|---|---|---|---|---|---|---|
| Clasificación decimal universal | Biblioteca profesional | Biblioteca del Ateneo de Madrid | Biblioteca del Ateneo de Madrid | Depósito 1 | 13/10/2022 | A-15096 | 1204293 | 23/02/2023 | 23/02/2023 | Libro impreso |
